000 00358nam a2200133Ia 4500
008 240624s9999 xx 000 0 und d
041 _aeng
082 _a519.5 BRO
100 _aBROWN COURTNEY
245 _aGRAPH ALGEBRA MATHEMATICAL MODELING WITH
260 _c2008
_aNew Delhi
_bSage Publications
300 _aviii, : 95 : p. : cm. ; 21
365 _cBPS
_b30
999 _c8531
_d8531